Swedish Geography on the Map - Statistics

General Stats
  • This quiz has been taken 91 times
    78 since last reset
  • The average score is 13 of 18
Answers on the Map
Answers color-coded by a green-red scale on the quiz's map according to % correct below.
 
Answer Stats
Hint Answer % Correct
Largest cities Gothenburg
100%
Largest cities Stockholm
99%
Largest cities Malmö
96%
Islands Gotland
91%
Largest cities Uppsala
88%
Bordering countries Finland
86%
Bordering countries Norway
86%
Counties Skåne
74%
Largest cities Örebro
71%
Largest cities Helsingborg
70%
Water bodies Gulf of Bothnia
68%
Water bodies Vänern
67%
Largest cities Linköping
65%
Islands Öland
65%
Water bodies Vättern
62%
Largest cities Västerås
61%
Water bodies Øresund
46%
Counties Västerbotten
46%
No matching quizzes found
Score Distribution
Percent of People with Each Score
Percentile by Number Answered
Your Score History
You have not taken this quiz since the last reset